| LEADER |
01366nam0a2200229 450 |
| 001 |
16868225 |
| 010 |
|
|
|a 978-2-7560-8542-5
|b cart.
|d 10,95
|
| 100 |
|
|
|a 20170207d2021 u u0frey01 ba
|
| 101 |
0 |
|
|a fre
|
| 102 |
|
|
|a FR
|
| 200 |
0 |
|
|a Quel toupet !
|f scénario Laurent Dufreney
|g dessin Miss Prickly - couleur Magali Paillat
|
| 207 |
|
1 |
|a
|
| 215 |
|
|
|a 39 p.
|c illustrations en couleur
|d 30 cm
|
| 300 |
|
|
|a Coup de coeur
|
| 330 |
|
|
|a Un concours très at'hippique s'annonce pour notre joyeuse bande de chevaux et poneys dans ce troisième tome plein de rebondissements. Cabrioles et parcours d'obstacles en pagaille, saute qui peut ! Nos amis équidés accueillent leur premier concours interclubs avec en tête d'affiche, le champion d'obstacles Orage de Fer de Lance, l'idole de Bijou ! Entre un Flash surexcité, un Cookie qui n'apprécie pas qu'on vienne piétiner son pré et un Bijou prêt à tout pour atteindre la plus haute place du podium, les concurrents extérieurs n'ont pas intérêt à avoir les deux pieds dans le même sabot !
|
| 461 |
|
0 |
|t A cheval !
|v 03
|
| 700 |
|
0 |
|a Dufreney
|b Laurent
|f 1979-....
|4 70
|
| 701 |
|
0 |
|a Miss Prickly
|f 1982-....
|4 440
|
| 702 |
|
0 |
|a Paillat
|b Magali
|4 410
|
| 900 |
|
|
|a Bande Dessinée (enfants)
|
| 901 |
|
|
|a Jeunesse
|
| 995 |
|
|
|a Médiathèque
|c Médiathèque
|f 00156011125903
|h 00156011125903
|k BD ACH
|o p
|q j
|r az
|e Médiathèque
|